000 01163cam a2200349 i 4500
001 18218570
005 20260218093551.0
008 140710m20119999ii bl 010 0 eng
010 _a 2014355898
020 _a9788192552101
025 _aI-E-2014-355898; 64-13; 70-91
035 _a18218570
037 _bLibrary of Congress -- New Delhi Overseas Office
040 _aDLC
_beng
_cDLC
_erda
_dDLC
042 _alcode
_apcc
043 _aa-ii---
082 _a342.0878 THO
245 0 0 _aGender, human rights, and law (multivolume sets) /
_cedited by Sarasu Esther Thomas
264 1 _aBangalore :
_bNational Law School of India University,
_c2013.
300 _avolumes ;
_c28 cm
650 0 _aEquality before the law
_zIndia.
650 0 _aGender mainstreaming
_zIndia.
650 0 _aWomen's rights
_zIndia.
650 0 _aHuman rights.
700 1 _aThomas, Sarasu Esther
700 1 _aSampath, B. N.
700 1 _aCherian, Rahul
710 2 _aCentre for Women and Law -- NLSIU
906 _a7
_bcbc
_corigode
_d2
_encip
_f20
_gy-gencatlg
942 _2ddc
_cBK
999 _c112882
_d112882